[Event "National Open"]
[Site "Las Vegas USA"]
[Date "2006.06.18"]
[Round "5"]
[White "Murzin,L"]
[Black "Sadvakasov,D"]
[Result "0-1"]
[WhiteElo "2195"]
[BlackElo "2619"]

1.d4 Nf6 2.c4 e6 3.Nf3 c5 4.d5 exd5 5.cxd5 d6 6.Nc3 g6 7.h3 Bg7 8.e4 O-O
9.Bd3 b5 10.Nxb5 Re8 11.O-O Nxe4 12.Qa4 f5 13.Re1 Bd7 14.Qa3 a5 15.Nc3 Nf6
16.Bf4 Na6 17.Rxe8+ Nxe8 18.Re1 Nb4 19.Nd1 Rb8 20.Re2 Nxd3 21.Qxd3 Bb5 22.Qe3 Bxe2
23.Qxe2 Qd7 24.b3 Nf6 25.Ne3 a4 26.Nd2 axb3 27.axb3 Ra8 28.Ndc4 Ra1+ 29.Kh2 Ne8
30.g4 fxg4 31.hxg4 Qe7 32.g5 Qe4  0-1

[Event "Open A"]
[Site "Balatonlelle HUN"]
[Date "2006.06.19"]
[Round "3"]
[White "Eperjesi,L"]
[Black "Porat,M"]
[Result "1/2-1/2"]
[WhiteElo "2268"]
[BlackElo "1984"]

1.d4 Nf6 2.c4 c5 3.d5 e6 4.Nc3 exd5 5.cxd5 d6 6.Nf3 g6 7.e4 Bg7 8.Be2 O-O
9.O-O a6 10.a4 Re8 11.Qc2 Bg4 12.Bf4 Qc7 13.Rfe1 Bxf3 14.Bxf3 Nbd7 15.a5 Ne5
16.Be2 b5 17.axb6 Qxb6 18.Ra2 Nfd7 19.Be3 Nb8 20.Rb1 Qb7 21.Na4 a5 22.Nc3 Rd8
23.Rba1 Na6 24.Rxa5 Nb4 25.Qa4 Rxa5 26.Qxa5 Rb8 27.Qa7 Bf6 28.Qxb7 Rxb7 29.Ra8+ Kg7
30.Nb5 Be7 31.Ra7 Rxa7 32.Nxa7 f5 33.f4 Ned3 34.Nc6 Bf6 35.e5 dxe5 36.fxe5 Nxe5
37.Nxe5 Bxe5 38.Bxc5 Nxd5 39.b4 Bc7 40.Bc4 Nb6 41.Bd4+ Kf8 42.Bb3 h6 43.h4 Nc8
44.Kf1 Bd8 45.g3 f4 46.Be6 Nd6 47.h5 gxh5 48.gxf4 Nb5 49.Bc5+ Kg7 50.f5 Nc7
51.Bd4+ Bf6 52.Bb6 Nxe6 53.fxe6 Kf8 54.Bc5+ Be7 55.Bxe7+  1/2-1/2

[Event "Open A"]
[Site "Voronezh RUS"]
[Date "2006.06.19"]
[Round "7"]
[White "Sergienko,S"]
[Black "Airapetian,Ta"]
[Result "1-0"]
[WhiteElo "2456"]
[BlackElo "2155"]

1.d4 Nf6 2.c4 e6 3.Nc3 c5 4.d5 exd5 5.cxd5 d6 6.Nf3 g6 7.Nd2 Bg7 8.e4 a6
9.a4 O-O 10.Be2 Nbd7 11.O-O Ne8 12.Nc4 Ne5 13.Ne3 f5 14.f4 Nd7 15.exf5 gxf5
16.Bd3 Bd4 17.Ne2 Ng7 18.Nxd4 cxd4 19.Nc2 Qb6 20.b4 Nf6 21.Bb2 Nxd5 22.Bxd4 Qc7
23.Rc1 Be6 24.Ne3 Qf7 25.Rf3 Nf6 26.Rg3 Kh8 27.Rc3 Rac8 28.Rxc8 Rxc8 29.Qa1 Nfh5
30.Rg5 Rg8 31.Nxf5 Bxf5 32.Rxf5 Qg6 33.Qd1  1-0

[Event "Open A"]
[Site "Voronezh RUS"]
[Date "2006.06.21"]
[Round "9"]
[White "Gavrilov,Al1"]
[Black "Airapetian,Ta"]
[Result "1-0"]
[WhiteElo "2461"]
[BlackElo "2155"]

1.d4 Nf6 2.c4 e6 3.Nf3 c5 4.d5 exd5 5.cxd5 d6 6.Nc3 g6 7.Qa4+ Nbd7 8.Bf4 h6
9.e4 Rb8 10.Be2 Qe7 11.Nd2 b5 12.Qc2 Bg7 13.a4 b4 14.Nd1 O-O 15.O-O Ne8 16.Nc4 Nb6
17.Nde3 Nxc4 18.Nxc4 f5 19.exf5 Bxf5 20.Qd2 Rd8 21.Rfe1 Qf7 22.Bf3 h5 23.h4 Bg4
24.Bg5 Rd7 25.Bxg4 hxg4 26.Re6 Bd4 27.Be3 Nc7 28.Nxd6 Qg7 29.Bxd4 cxd4 30.Rae1 Nxe6
31.Rxe6 Kh7 32.h5 gxh5 33.Qd3+ Kh8 34.Nf5 Qg5 35.Qxd4+ Kg8 36.Nh6+ Kh7 37.Qe4+ Kh8
38.Qe5+ Rg7 39.g3 h4 40.gxh4 Qf4 41.Qxf4 Rxf4 42.Kg2 a5 43.d6 Kh7 44.h5 b3
45.Kg3 Rf3+ 46.Kg2 Rd3 47.Nf5 Rg5 48.Re7+ Kg8 49.Re5 Kf7 50.h6 Kg6 51.Rxa5 Rxd6
52.h7 Rxf5 53.Rxf5 Kxh7 54.Rb5 Rd4 55.a5 Ra4 56.Kg3 Kg6 57.Rxb3 Rxa5 58.Kxg4 Ra4+
59.f4 Ra1 60.Rb6+ Kh7  1-0

[Event "Open A"]
[Site "Balatonlelle HUN"]
[Date "2006.06.23"]
[Round "7"]
[White "Gonda,L"]
[Black "Nabaty,T"]
[Result "1-0"]
[WhiteElo "2465"]
[BlackElo "2156"]

1.d4 Nf6 2.c4 c5 3.d5 e6 4.Nc3 exd5 5.cxd5 d6 6.Nf3 g6 7.Nd2 Bg7 8.e4 O-O
9.Be2 b6 10.O-O Re8 11.Re1 Ba6 12.Bxa6 Nxa6 13.Nc4 Nc7 14.a4 Qd7 15.Bf4 Bf8
16.h3 Rab8 17.Qf3 b5 18.axb5 Nxb5 19.Nxb5 Rxb5 20.Bxd6 Bxd6 21.Qxf6 Bb8 22.Qf3 Rb4
23.Na5 Rxb2 24.Nc6 c4 25.e5 Rd2 26.e6 fxe6 27.Rxe6 c3 28.Rae1 Rf8 29.Qxc3 Bh2+
30.Kxh2 Rdxf2 31.Qe5  1-0

[Event "Open A"]
[Site "Balatonlelle HUN"]
[Date "2006.06.24"]
[Round "8"]
[White "Csiszar,C"]
[Black "Nabaty,T"]
[Result "1-0"]
[WhiteElo "2435"]
[BlackElo "2156"]

1.d4 Nf6 2.Nf3 c5 3.d5 e6 4.c4 exd5 5.cxd5 d6 6.Nc3 g6 7.Bf4 Bg7 8.e3 O-O
9.Be2 a6 10.a4 Bg4 11.O-O Qe7 12.Qb3 Nh5 13.Bg5 f6 14.Bh4 g5 15.Bg3 Nxg3
16.hxg3 Nd7 17.Qxb7 Rfb8 18.Qc7 Rxb2 19.Bxa6 f5 20.Nb5 f4 21.exf4 Bxf3 22.gxf3 gxf4
23.Rae1 Be5 24.g4 Qd8 25.Qxd8+ Rxd8 26.Nc7 c4 27.Ne6 Ra8 28.Bxc4 Rxa4 29.Rc1 Nb6
30.Bd3 Nxd5 31.Rc8+ Kf7 32.Ng5+ Ke7 33.Be4 Nc3 34.Rc7+ Kf6 35.Nxh7+ Ke6 36.Nf8+ Kf6
37.Nd7+ Ke6 38.Bh7 Nb5 39.Bf5+ Ke7 40.Rb7 Ra7 41.Rxa7 Nxa7 42.Nxe5 dxe5 43.Rd1 Nb5
44.Rd7+ Kf6 45.Rb7 Rb3 46.Rb6+ Kg7 47.Bc2 Rc3 48.Rxb5 Rxc2 49.Rxe5 Kg6 50.Rf5 Rc4
51.Kg2 Ra4 52.Kh3 Rb4 53.Kh4 Ra4 54.Rg5+ Kh6 55.Re5 Ra3 56.g5+  1-0

[Event "II Open"]
[Site "Sort ESP"]
[Date "2006.06.27"]
[Round "2"]
[White "Solsona Manonelles,J"]
[Black "Chkhaidze,Ni"]
[Result "0-1"]
[WhiteElo "1832"]
[BlackElo "2171"]

1.d4 Nf6 2.c4 e6 3.Nf3 c5 4.d5 exd5 5.cxd5 d6 6.Nc3 g6 7.e4 Bg7 8.Bd3 Bg4
9.h3 Bxf3 10.Qxf3 O-O 11.O-O Na6 12.a3 Nc7 13.Bf4 Nh5 14.Bh2 a6 15.a4 Rb8
16.Qe2 Re8 17.Kh1 Qd7 18.a5 f5 19.f3 f4 20.Na4 Na8 21.Ra3 Be5 22.Re1 Qc7
23.Qd2 Rec8 24.Bc4 g5 25.Rb3 b5 26.axb6 Nxb6 27.Nxb6 Rxb6 28.Rxb6 Qxb6 29.b3 a5
30.Qa2 Nf6 31.Qa4 h5 32.Bg1 Kf7 33.Bf2 Bc3 34.Kg1 Ke7 35.Kf1 Nd7 36.Qb5 Qxb5
37.Bxb5 Ne5 38.Rc1 Bb4 39.Bc4 Kf6 40.Ra1 Ra8 41.Ra4 Nd7 42.Be2 Ke5 43.Be1 Nb6
44.Ra2 Bxe1 45.Kxe1 a4 46.bxa4 Rxa4 47.Rxa4 Nxa4 48.Kd2 Kd4 49.Bd1 Nb2 50.Be2 Na4
51.Bd1 Nb6 52.Be2 Nd7 53.Bb5 Nf6 54.Be2 g4 55.Bd3 g3 56.Bb5 h4 57.Ke2 Nh7
58.Be8 Ng5 59.Bc6 Nf7 60.Be8 Ne5 61.Bb5 Kc3 62.Ba4 Kb2 63.Kd2 Nxf3+ 64.Ke2 Ne5
65.Bb5 Kc3 66.Ba6 Kd4  0-1

[Event "Midnight Sun"]
[Site "Tromso NOR"]
[Date "2006.06.27"]
[Round "4"]
[White "Brasoy,A"]
[Black "Bjerke,R"]
[Result "0-1"]
[WhiteElo "1969"]
[BlackElo "2223"]

1.d4 Nf6 2.c4 e6 3.Nf3 c5 4.d5 exd5 5.cxd5 d6 6.Nc3 g6 7.Bf4 a6 8.a4 Bg7
9.h3 O-O 10.Nd2 Ne8 11.Nc4 Nd7 12.Bxd6 Nxd6 13.Nxd6 Qb6 14.Nc4 Qb4 15.e3 Nb6
16.Nd2 Qxb2 17.Rb1 Qxc3 18.Rxb6 Qa5 19.Rb1 Bf5 20.Rc1 Rad8 21.Qb3 Be4 22.Bc4 Bxg2
23.Rh2 Bf3 24.h4 h5 25.Rh3 Bg4 26.Rh2 Rb8 27.f4 b5 28.axb5 axb5 29.Be2 c4
30.Qc2 Bxe2 31.Rxe2 Qd8 32.Nf3 Qxd5 33.e4 Qd6 34.e5 Qe6 35.Re4 Rfd8 36.Ng5 Qg4
37.Qf2 Bf8 38.e6 Bb4+ 39.Kf1 Rd2 40.exf7+ Kg7 41.Re2 Rxe2 42.Qxe2 Qxe2+ 43.Kxe2 Be7
44.Rf1 b4 45.f5 Bxg5 46.hxg5 Kxf7 47.Kd2 c3+ 48.Kc2 gxf5 49.Rxf5+ Kg6 50.Rc5 b3+
51.Kb1 c2+ 52.Kb2 h4 53.Rd5 Rc8  0-1

[Event "II Perla Baltyku"]
[Site "Mielno POL"]
[Date "2006.06.29"]
[Round "10"]
[White "Malaniuk,V"]
[Black "Majdan,J"]
[Result "1-0"]
[WhiteElo "2539"]
[BlackElo "2297"]

1.d4 Nf6 2.Nf3 c5 3.d5 e6 4.c4 exd5 5.cxd5 d6 6.Nc3 g6 7.e4 Bg7 8.Bb5+ Bd7
9.Bxd7+ Nbxd7 10.Bf4 Qe7 11.O-O Nh5 12.Bg5 Bf6 13.Bh6 Ne5 14.Nxe5 Bxe5 15.f4 Bd4+
16.Kh1 a6 17.Qd3 Ng7 18.Bxg7 Bxg7 19.e5 dxe5 20.f5 Rd8 21.Ne4 Qd7 22.f6 Bf8
23.Rad1 Bd6 24.Qe3 b6 25.Rfe1 Qf5 26.Rd2 Qh5 27.Rf2 Bf8 28.Ng3 Qh4 29.Qxe5+ Kd7
30.Qe2 Bd6 31.Qxa6 Rde8 32.Qb7+ Bc7 33.Qc6+ Kd8 34.Rxe8+ Rxe8 35.d6 Re1+
36.Rf1 Rxf1+ 37.Nxf1 Bb8 38.Qxb6+ Kc8 39.d7+ Kxd7 40.Qxb8 Qc4 41.Qb7+ Kd6
42.Qe7+ Kc6 43.Qe1 Qxa2 44.Qf2 Kb5 45.h3 c4 46.Ne3 c3 47.Qf1+ Kb4 48.Qf4+ Kb3
49.Qc4+ Kxb2 50.Nd1+  1-0

[Event "56th ch-RUS w Top League"]
[Site "Orel RUS"]
[Date "2006.06.29"]
[Round "1"]
[White "Kursova,M"]
[Black "Airapetian,Ta"]
[Result "0-1"]
[WhiteElo "2333"]
[BlackElo "2155"]

1.d4 Nf6 2.Nf3 e6 3.c4 c5 4.d5 exd5 5.cxd5 d6 6.Nc3 g6 7.e4 a6 8.a4 Bg4 9.Be2 Bxf3
10.Bxf3 Bg7 11.O-O O-O 12.Bf4 Qe7 13.Re1 Nbd7 14.Qd2 Ne5 15.Be2 Rfe8 16.h3 Qc7
17.Bh2 c4 18.Bf1 Nfd7 19.Kh1 Nc5 20.Ra3 Ned3 21.Bxd3 Nxd3 22.Re2 Qc5 23.f3 Bd4
24.Nd1 Nxb2 25.Ra2 Nd3 26.a5 Rab8 27.Bg3 Red8 28.Qg5 c3  0-1

[Event "56th ch-RUS w Top League"]
[Site "Orel RUS"]
[Date "2006.07.01"]
[Round "3"]
[White "Tarasova,V"]
[Black "Airapetian,Ta"]
[Result "1/2-1/2"]
[WhiteElo "2276"]
[BlackElo "2155"]

1.c4 Nf6 2.Nc3 e6 3.d4 c5 4.d5 exd5 5.cxd5 d6 6.Nf3 g6 7.Nd2 Na6 8.e4 Nc7
9.a4 Bg7 10.Be2 O-O 11.O-O Re8 12.f3 b6 13.Nc4 Ba6 14.Bg5 Qd7 15.Qd2 Rab8
16.Rab1 Bxc4 17.Bxc4 a6 18.b4 b5 19.axb5 axb5 20.Be2 c4 21.Be3 Ra8 22.Bd4 Na6
23.Rb2 Nh5 24.f4 Bxd4+ 25.Qxd4 Ng7 26.g4 Nc7 27.Bf3 Ra3 28.e5 dxe5 29.fxe5 Nge6
30.Qd2 Rxc3 31.Qxc3 Nxd5 32.Bxd5 Qxd5 33.Rbf2 Re7 34.Rd2 Qe4 35.h3 Nf4 36.Rd8+ Kg7
37.Qf3 Ne2+ 38.Kg2 Qxe5 39.Rc8 Nd4 40.Qa8 Ne6 41.Rg8+ Kh6 42.Qf3 Ng5 43.Qf2 Qd5+
44.Kh2 Qd6+ 45.Kg2 Qc6+ 46.Kh2 Qc7+ 47.Kg2 Qc6+ 48.Kh2 Qd6+ 49.Kg2 Qd5+ 50.Kh2 Qe5+
51.Kg2 Qe4+ 52.Kh2 Qe2 53.h4 Nf3+ 54.Kg3 Qxf2+ 55.Rxf2 Nd4 56.Rd2 Re4 57.Rc8 f5
58.g5+ Kh5 59.Rd8 f4+ 60.Kh3 Re3+ 61.Kg2 Nc6 62.Rf8 Kg4 63.Rd5 f3+ 64.Kf1 Ne5
65.Re8 Kf4 66.Rxb5 c3 67.Rc5 f2 68.Rexe5 Rxe5 69.Rxc3 Rb5 70.Kxf2 Rxb4 71.Rc7  1/2-1/2

[Event "ch-SWE"]
[Site "Gothenburg SWE"]
[Date "2006.07.02"]
[Round "2"]
[White "Akesson,J"]
[Black "Ernst,T"]
[Result "1-0"]
[WhiteElo "2302"]
[BlackElo "2456"]

1.d4 Nf6 2.Nf3 e6 3.c4 c5 4.d5 d6 5.Nc3 exd5 6.cxd5 g6 7.g3 Bg7 8.Bg2 O-O
9.O-O Re8 10.Bf4 Nh5 11.Bg5 Qb6 12.Qc1 Nd7 13.Re1 a6 14.Rb1 Qc7 15.Bh6 Bh8
16.a4 Rb8 17.e4 b5 18.Bf1 b4 19.Nd1 Ndf6 20.Bd3 Bg4 21.Nd2 Nxd5 22.Bxa6 Nhf6
23.Bc4 Nb6 24.Bb5 Bd7 25.Bxd7 Qxd7 26.a5 Nbd5 27.f3 Qh3 28.Nc4 Nh5 29.Nf2 Bd4
30.Be3 Nxe3 31.Nxh3 Nxc4+ 32.Kg2 Nxa5 33.Rd1 Ng7 34.Qh6 Ne6 35.Ng5 Nxg5 36.Qxg5 Nc4
37.Rxd4 cxd4 38.Kf2 Re5 39.Qc1 Rc5 40.Qd1 Ne5 41.f4 Nc6 42.Rc1 b3 43.e5 Rxc1
44.Qxc1 Nxe5 45.fxe5 dxe5 46.Qc7 Re8 47.Qd7 Re6 48.Qd5 Kg7 49.Ke2 Kf6 50.Qxb3 e4
51.Qd5 d3+ 52.Ke3 Ke7 53.Qb7+ Ke8 54.Qc7 f5 55.b4 Re7 56.Qc8+ Kf7 57.b5 Kf6
58.b6 g5 59.b7 f4+ 60.gxf4 gxf4+ 61.Kxf4 d2 62.Qf5+ Kg7 63.b8=Q d1=Q 64.Qbf8+  1-0

[Event "56th ch-RUS w Top League"]
[Site "Orel RUS"]
[Date "2006.07.04"]
[Round "6"]
[White "Gunina,V"]
[Black "Airapetian,Ta"]
[Result "1-0"]
[WhiteElo "2352"]
[BlackElo "2155"]

1.d4 Nf6 2.c4 e6 3.Nf3 c5 4.d5 exd5 5.cxd5 d6 6.Nc3 g6 7.h3 a6 8.a4 Qe7 9.Bg5 Bg7
10.Nd2 h6 11.Bh4 O-O 12.e4 g5 13.Bg3 Bf5 14.Bd3 Bg6 15.O-O Nh5 16.Bh2 Nd7
17.Nc4 Nf4 18.Bc2 Ne5 19.Ne3 Bh5 20.Nf5 Qf6 21.f3 Nc4 22.Bxf4 gxf4 23.Qc1 Bg6
24.Nxg7 Kxg7 25.Ne2 Ne3 26.Rf2 b5 27.g3 fxg3 28.Nxg3 Nc4 29.Rg2 Kh7 30.f4 Qd4+
31.Kh2 f6 32.b3 Na5 33.e5 Rg8 34.Ne2 Be4 35.Bxe4+ Qxe4 36.Ng3 Qxd5 37.Qc2+ Rg6
38.Rag1 Rg8 39.Nh5 Qxb3 40.Nxf6+ Kh8 41.Qxg6  1-0

[Event "35th TCh-GRE"]
[Site "Ermioni GRE"]
[Date "2006.07.08"]
[Round "7"]
[White "Mouratidis,G"]
[Black "Filippas,S"]
[Result "1/2-1/2"]
[WhiteElo "2013"]
[BlackElo "2083"]

1.d4 Nf6 2.c4 e6 3.Nf3 c5 4.d5 exd5 5.cxd5 d6 6.Nc3 g6 7.h3 Bg7 8.e4 O-O
9.Bd3 Bd7 10.Bf4 Re8 11.O-O b5 12.Bxd6 b4 13.e5 bxc3 14.exf6 Qxf6 15.Bxc5 cxb2
16.Rb1 Qc3 17.Qc2 Qa5 18.Bd4 Bxd4 19.Nxd4 Qxd5 20.Nb3 Nc6 21.Bc4 Qe4 22.Rxb2 Nb4
23.Qxe4 Rxe4  1/2-1/2

[Event "XXIV Andorra Open"]
[Site "Andorra la Vella AND"]
[Date "2006.07.09"]
[Round "2"]
[White "Oms Pallise,J"]
[Black "Roy Chowdhury,S"]
[Result "1/2-1/2"]
[WhiteElo "2511"]
[BlackElo "2394"]

1.d4 Nf6 2.c4 e6 3.Nf3 c5 4.d5 exd5 5.cxd5 d6 6.Nc3 g6 7.e4 Bg7 8.h3 O-O
9.Bd3 Nh5 10.O-O Nd7 11.Bg5 Bf6 12.Be3 Re8 13.Nh2 Bd4 14.Bxd4 cxd4 15.Ne2 Nc5
16.Re1 Qf6 17.Ng4 Bxg4 18.hxg4 Nf4 19.Nxf4 Qxf4 20.g3 Qf6 21.b4 Nxd3 22.Qxd3 Rac8
23.Rad1 Rc3 24.Qxd4 Qf3 25.g5 Re5 26.Rc1 Rxc1 27.Rxc1 Qxe4 28.Qxe4 Rxe4 29.a3 Rd4
30.Rc7 Rxd5 31.Rxb7 a5 32.Rb6 Kf8 33.bxa5 Rxa5 34.Rxd6 Rxa3 35.Kg2  1/2-1/2

[Event "16th Heart of Finland Open"]
[Site "Jyvaskyla FIN"]
[Date "2006.07.11"]
[Round "1"]
[White "Mottonen,A"]
[Black "Sammalvuo,T"]
[Result "0-1"]
[WhiteElo "2035"]
[BlackElo "2458"]

1.d4 Nf6 2.c4 c5 3.d5 e6 4.Nc3 exd5 5.cxd5 d6 6.Nf3 g6 7.Bf4 Bg7 8.e4 O-O
9.Be2 a6 10.a4 Bg4 11.Nd2 Bxe2 12.Qxe2 Nh5 13.Be3 Nd7 14.O-O f5 15.f3 f4
16.Bf2 Ne5 17.g4 fxg3 18.hxg3 Qg5 19.Qe3 Qxe3 20.Bxe3 Nxg3 21.Rf2 Nh5 22.Rb1 Rf7
23.Nd1 b5 24.Kg2 bxa4  0-1

[Event "Open"]
[Site "Kavala GRE"]
[Date "2006.07.11"]
[Round "9"]
[White "Jeremic,V"]
[Black "Aroshidze,L"]
[Result "1/2-1/2"]
[WhiteElo "2527"]
[BlackElo "2490"]

1.d4 Nf6 2.c4 c5 3.d5 e6 4.Nc3 exd5 5.cxd5 d6 6.Nf3 g6 7.Bf4 a6 8.a4 Qe7
9.h3 Nbd7 10.e3 Bg7 11.Be2 O-O 12.O-O Ne8 13.Qc2 f5 14.Rab1 h6 15.Bh2 g5
16.Nd2 f4 17.Nc4 Ne5 18.Nb6 Rb8 19.Nxc8 Rxc8 20.exf4 gxf4 21.Qe4 Qg5 22.Bg4 Rd8
23.Be6+ Kh8 24.Kh1 Nc7 25.b4 c4 26.b5 axb5 27.axb5 Rde8 28.Ne2 Nxe6 29.dxe6 f3
30.gxf3 Nxf3 31.Rbd1 Nd2 32.Rxd2 Qxd2 33.Nf4 Rxf4 34.Bxf4 Qd4 35.Qxd4 Bxd4
36.Rd1 Be5 37.Bxe5+ dxe5 38.Rc1 Rxe6 39.Rxc4 e4 40.Kg2 e3 41.fxe3 Rxe3 42.Rc7 b6
43.Rc6 Kg7 44.Rxb6 Rb3 45.Rb7+ Kg6 46.Rb6+ Kg7 47.Rb8 h5 48.b6 h4 49.b7 Kh7
50.Kf2 Kg7 51.Ke2 Kh7 52.Kd2 Kg7 53.Kc2 Rb6 54.Kd3  1/2-1/2

[Event "XXIX Open"]
[Site "Barbera del Valles ESP"]
[Date "2006.07.13"]
[Round "9"]
[White "Cruz,F"]
[Black "Porras Mateo,F"]
[Result "1-0"]
[WhiteElo "2389"]
[BlackElo "2025"]

1.d4 Nf6 2.c4 c5 3.d5 e6 4.Nc3 exd5 5.cxd5 d6 6.Nf3 a6 7.a4 Nbd7 8.h3 g6
9.Bf4 Qc7 10.Nd2 Rb8 11.e4 Be7 12.Be2 O-O 13.O-O Ne8 14.Nc4 b6 15.Bh2 Bf6
16.f4 Bd4+ 17.Kh1 f5 18.e5 Bb7 19.Bf3 dxe5 20.fxe5 Nxe5 21.d6 Qg7 22.Bxb7 Rxb7
23.Nxe5 Nxd6 24.Nf3 Nc4 25.Qb3 Qf7 26.Ng5  1-0

[Event "WIM"]
[Site "Condom FRA"]
[Date "2006.07.13"]
[Round "8"]
[White "Kostiuk,T"]
[Black "Benmesbah,N"]
[Result "1-0"]
[WhiteElo "2255"]
[BlackElo "2125"]

1.d4 Nf6 2.Nf3 e6 3.c4 c5 4.d5 d6 5.Nc3 exd5 6.cxd5 g6 7.e4 a6 8.a4 Bg4 9.Be2 Bxf3
10.Bxf3 Nbd7 11.O-O Bg7 12.Bf4 Qe7 13.Qd2 O-O 14.Bg5 Rab8 15.a5 b5 16.axb6 Rxb6
17.Ra2 Rfb8 18.Re1 Rb4 19.Qc2 Qe5 20.Bd2 Nb6 21.Nd1 Rc4 22.Bc3 Qe8 23.b3 Rxc3
24.Qxc3 Nfxd5 25.Qd2 Nb4 26.Ra3 Qe5 27.Ne3 Qf4 28.Rd1 Be5 29.Ng4 Qxd2 30.Rxd2 Bf4
31.Ne3 Be5 32.Be2 Kf8 33.Nc4 Nxc4 34.Bxc4 Ke7 35.Ra4 g5 36.f3 Ra8 37.g3 Ra7
38.Kg2 a5 39.Bd5 Bc3 40.Re2 Nxd5 41.exd5+ Kf6 42.f4 Rb7 43.fxg5+ Kxg5 44.Ra3 Kf5
45.Kf3 Bb4 46.Ra4 Bc3 47.Rf4+ Kg6 48.Re3 Bd4 49.Rd3 f5 50.g4 fxg4+ 51.Rxg4+ Kf6
52.Re4 Be5 53.Kg2 Rg7+ 54.Kh1 Rg5 55.Rf3+ Kg6 56.Rf2 h5 57.Rg2 Rxg2 58.Kxg2 Kf5
59.Kf3 Kg5 60.h3 Kf5 61.Re3 Kg5 62.Re4 Kf5 63.Rh4 Kg5 64.Ra4 Bc3 65.Rf4 Be5
66.Rf8 Kh4 67.Rf5 Bd4 68.Ke4 Kxh3 69.Rxh5+ Kg2 70.Rf5 Kg3 71.Rf8 Bc3 72.Rf3+  1-0

[Event "XXIV Andorra Open"]
[Site "Andorra la Vella AND"]
[Date "2006.07.15"]
[Round "8"]
[White "Sundararajan,K"]
[Black "Roy Chowdhury,S"]
[Result "0-1"]
[WhiteElo "2472"]
[BlackElo "2394"]

1.d4 Nf6 2.Nf3 e6 3.c4 c5 4.d5 exd5 5.cxd5 d6 6.Nc3 g6 7.e4 Bg7 8.h3 O-O
9.Bd3 Nh5 10.O-O Nd7 11.Bg5 Bf6 12.Be3 a6 13.a4 Re8 14.Qd2 Rb8 15.Rfc1 Bg7
16.Rab1 Ne5 17.Be2 f5 18.Nxe5 Bxe5 19.Bxh5 gxh5 20.b4 Qf6 21.Bg5 Qg6 22.bxc5 fxe4
23.cxd6 Bxc3 24.Rxc3 e3 25.Rxe3 Qxb1+ 26.Kh2 Rxe3 27.Qxe3 Qg6 28.Qa7 Qxg5
29.Qxb8 Qd8 30.a5 Qd7 31.f4 h4 32.Kg1 Kf7 33.Kf2 Ke8 34.Ke3 Kd8 35.Kd4 Qg7+
36.Kc4 Qd7 37.Kc3 h6 38.f5 Ke8 39.Kd4 Qxf5 40.Kc5 Qc2+ 41.Kd4 Kd7 42.Ke5 Qc5  0-1

[Event "Oklahoma State Championship"]
[Site "Oklahoma City USA"]
[Date "2006.07.15"]
[Round "3"]
[White "Braunlich,T"]
[Black "Langer,M USA"]
[Result "0-1"]
[WhiteElo "2191"]
[BlackElo "2286"]

1.d4 Nf6 2.c4 c5 3.d5 e6 4.Nc3 exd5 5.cxd5 d6 6.Nf3 g6 7.Bf4 a6 8.e4 b5 9.Qe2 Nh5
10.Bg5 Be7 11.Bh6 Bg4 12.h3 Bxf3 13.Qxf3 Bg5 14.Bxg5 Qxg5 15.Qg4 Qd8 16.g3 Nf6
17.Qf4 Qe7 18.Bg2 b4 19.Ne2 O-O 20.O-O Re8 21.Rfe1 Nbd7 22.Kh2 Ne5 23.Qd2 Nxe4
24.Bxe4 Nc4  0-1

[Event "XLVIII TCh-POR"]
[Site "Evora POR"]
[Date "2006.07.23"]
[Round "2"]
[White "Ferreira,P"]
[Black "Velicka,P"]
[Result "0-1"]
[WhiteElo "2052"]
[BlackElo "2475"]

1.d4 Nf6 2.c4 e6 3.Nf3 c5 4.d5 d6 5.Nc3 exd5 6.cxd5 g6 7.e4 a6 8.a4 Bg4 9.Be2 Bxf3
10.Bxf3 Bg7 11.O-O O-O 12.h3 Nbd7 13.Bg5 h6 14.Bh4 Qe7 15.Qc2 Rab8 16.Be2 g5
17.Bg3 Ne5 18.f4 Ng6 19.e5 dxe5 20.fxe5 Nxe5 21.Qf5 Nfd7 22.Rae1 Qd6 23.Bh5 Rbd8
24.a5 c4 25.Kh1 Qe7 26.Bd1 Rfe8 27.Bc2 Nf8 28.Ba4 Nfg6 29.Bxe8 Qxe8 30.Qe4 Qd7
31.d6 Re8 32.Qd5 Re6 33.Ne4 Nf4 34.Rxf4 gxf4 35.Bh4 f3 36.g4 h5 37.Be7 f2
38.Rd1 Rxe7 39.dxe7 Qxd5 40.e8=Q+ Bf8 41.Kh2 Qxe4 42.Rd8 Qf4+  0-1

[Event "Czech Open A"]
[Site "Pardubice CZE"]
[Date "2006.07.27"]
[Round "7"]
[White "Jirka,J"]
[Black "Blodstein,B"]
[Result "1-0"]
[WhiteElo "2372"]
[BlackElo "2254"]

1.d4 Nf6 2.c4 c5 3.d5 e6 4.Nc3 exd5 5.cxd5 d6 6.Nf3 g6 7.g3 Bg7 8.Bg2 O-O
9.O-O a6 10.a4 Nbd7 11.Bf4 Qe7 12.e4 Ng4 13.Qc1 Rb8 14.Rb1 b5 15.axb5 axb5
16.b4 c4 17.Bg5 Bf6 18.Bxf6 Qxf6 19.h3 Nge5 20.Nd4 Nd3 21.Qe3 Ba6 22.Ra1 Rb6
23.Rfb1 h5 24.Bf1 Rc8 25.f4 h4 26.Bxd3 cxd3 27.Qxd3 Rc4 28.Nce2 hxg3 29.Kg2 g5
30.Rf1 Rxb4 31.fxg5 Qe5 32.Rf5 Qe8 33.Raf1 Nc5 34.Qxg3 Nxe4 35.Qh4 Rb7 36.g6 f6
37.R1f4 Qxg6+ 38.Rg4 Ng5 39.Rgxg5 fxg5 40.Rxg5 Rg7 41.Rxg6 Rxg6+ 42.Kf3 Bb7
43.Qd8+ Kh7 44.Qd7+ Rg7 45.Qxd6 Rb1 46.Ne6 Rf1+ 47.Ke3  1-0

[Event "Open"]
[Site "Olomouc CZE"]
[Date "2006.08.06"]
[Round "5"]
[White "Prokuronov,E"]
[Black "Mankeyev,Raua"]
[Result "1-0"]
[WhiteElo "2274"]
[BlackElo "2369"]

1.d4 Nf6 2.c4 e6 3.Nf3 c5 4.d5 exd5 5.cxd5 d6 6.Nc3 g6 7.h3 Bg7 8.e4 O-O
9.Bd3 a6 10.a4 Nbd7 11.O-O Qe7 12.Re1 Rb8 13.Bf1 Ne8 14.Bg5 Bf6 15.Bh6 Bg7
16.Bxg7 Kxg7 17.Rb1 f6 18.Qc2 Ne5 19.Nd2 g5 20.b4 b6 21.Nc4 Qc7 22.Rec1 Rf7
23.Ne3 Qd8 24.Ne2 Rc7 25.Qd1 Kf8 26.Ng3 Ng7 27.Be2 Ng6 28.Rb2 Nh4 29.Qc2 Qe7
30.Qb1 Qd8 31.bxc5 Rxc5 32.Rxc5 dxc5 33.Nc4 Bd7 34.Nxb6 Be8 35.Nd7+ Qxd7
36.Rxb8 Qxa4 37.Rb6 Qd4 38.Rxa6 f5 39.Qa1 fxe4 40.Qxd4 cxd4 41.Nxe4 Bg6 42.Nxg5 d3
43.Bd1 Bf5 44.g4 Bd7 45.Nxh7+ Kf7 46.Rh6  1-0

[Event "FSIMA August"]
[Site "Budapest HUN"]
[Date "2006.08.11"]
[Round "7"]
[White "Toth,Li"]
[Black "Woodward,T"]
[Result "1/2-1/2"]
[WhiteElo "2217"]
[BlackElo "2352"]

1.d4 Nf6 2.c4 e6 3.Nf3 c5 4.d5 d6 5.Nc3 exd5 6.cxd5 g6 7.e4 a6 8.a4 Bg4 9.Be2 Bxf3
10.gxf3 Bg7 11.f4 Nbd7 12.Bd2 Qe7 13.Qc2 O-O 14.O-O Ne8 15.Kh1 Qh4 16.Qd3 f5
17.exf5 gxf5 18.Nd1 Nef6 19.Qxf5 Rae8 20.Bf3 Ne4 21.Bxe4 Rxf5 22.Bxf5 Re2
23.Be3 Nf6 24.Rg1 Qh5 25.Be6+ Kf8 26.Nc3 Qf3+ 27.Rg2 Rxb2 28.Kg1 Rc2 29.Rg3 Qh5
30.Rg5 Qh4 31.Ra3 h6 32.Rg3 Qh5 33.Rb3 Rxc3 34.Rxb7 Ne8 35.f5 Rb3 36.Ra7 Rxe3
37.fxe3 Qd1+ 38.Kf2 Qd2+ 39.Kf3 Qd1+ 40.Kf2 Qd2+  1/2-1/2

[Event "Petrovskaja Ladja A2"]
[Site "Peterhof RUS"]
[Date "2006.08.17"]
[Round "6"]
[White "Kaliberda,V"]
[Black "Kobzar,A"]
[Result "1-0"]
[WhiteElo "2397"]
[BlackElo "2085"]

1.d4 Nf6 2.Nf3 c5 3.d5 e6 4.c4 exd5 5.cxd5 d6 6.Nc3 g6 7.Nd2 Bg7 8.Nc4 O-O
9.Bg5 Qe7 10.e3 Nbd7 11.Be2 Ne5 12.Nd2 a6 13.a4 Qc7 14.Bf4 Re8 15.Bg3 Rb8
16.O-O b6 17.h3 Rb7 18.Bxa6 Rb8 19.Bb5 Re7 20.Be2 Ne8 21.e4 f5 22.f4 Nf7
23.Bh4 Nf6 24.Bf3 Re8 25.Re1 Nh6 26.e5 dxe5 27.fxe5 Rxe5 28.Bg3 f4 29.Nb5 Rxe1+
30.Qxe1 Qf7 31.Bxf4 Ra8 32.Nc4 Ba6 33.Nbd6 Qf8 34.Qe6+ Kh8 35.Nxb6 Nfg4 36.Bxh6 Bd4+
37.Kh1 Nxh6 38.Nxa8  1-0

[Event "3rd Dato Arthur Tan"]
[Site "Kuala Lumpur MAS"]
[Date "2006.08.25"]
[Round "7"]
[White "Dotsenko,Vi"]
[Black "Humphrey,J"]
[Result "1-0"]
[WhiteElo "2103"]
[BlackElo "2246"]

1.d4 Nf6 2.Nf3 e6 3.c4 c5 4.d5 exd5 5.cxd5 d6 6.Nc3 g6 7.e4 a6 8.a4 Bg4 9.h3 Bxf3
10.Qxf3 Bg7 11.Bd3 Nbd7 12.Qd1 O-O 13.O-O Rc8 14.Bf4 Qe7 15.Re1 Rfe8 16.Bh2 c4
17.Bc2 Nh5 18.g4 Nhf6 19.f4 Nc5 20.e5 Nfd7 21.e6 fxe6 22.dxe6 Nxe6 23.f5 gxf5
24.gxf5 Qg5+ 25.Kh1 Nd4 26.Rg1 Qh4 27.Rg4 Qf2 28.Ne4 Rxe4 29.Bxe4 Nf6 30.Rg2 Nxe4
31.Qg4 Nxf5 32.Qxe4 Qc5 33.Rag1 Kh8 34.Rf1 Ne3 35.Rxg7  1-0

[Event "TCh-Serbia w"]
[Site "Zlatibor SCG"]
[Date "2006.08.26"]
[Round "1"]
[White "Aleksov,A"]
[Black "Prudnikova,S"]
[Result "0-1"]
[WhiteElo "2014"]
[BlackElo "2351"]

1.d4 Nf6 2.c4 e6 3.Nf3 c5 4.d5 d6 5.Nc3 exd5 6.cxd5 g6 7.e4 Bg7 8.Be2 O-O
9.O-O a6 10.a4 Nbd7 11.Nd2 Re8 12.f4 c4 13.Bf3 Nc5 14.Kh1 h5 15.Qe2 Nfxe4
16.Ncxe4 f5 17.Qxc4 fxe4 18.Nxe4 b5 19.Qe2 Nxe4 20.Bxe4 Bf5 21.axb5 Rxe4
22.Qf3 axb5 23.Ra3 b4 24.Rb3 Ra1 25.h3 Qc8 26.Bd2 Rxf1+ 27.Qxf1 Qc2  0-1

[Event "ch-U20 w Panamerican"]
[Site "Bogota COL"]
[Date "2006.09.06"]
[Round "7"]
[White "Chirivi,Y"]
[Black "Zapata,T"]
[Result "1-0"]
[WhiteElo "2040"]
[BlackElo "2041"]

1.d4 Nf6 2.c4 c5 3.d5 e6 4.Nc3 exd5 5.cxd5 d6 6.Nf3 g6 7.Nd2 Bg7 8.Nc4 O-O
9.Bf4 Ne8 10.g3 g5 11.Bd2 Nd7 12.Qc1 g4 13.h3 Ne5 14.Nxe5 dxe5 15.hxg4 Qd6
16.Qc2 Qg6 17.Qxg6 hxg6 18.Bh3 Nd6 19.g5 Bxh3 20.Rxh3 Rfe8 21.e4 b5 22.f3 Rac8
23.Rc1 a6 24.Rh2 Bf8 25.Nd1 Bg7 26.Be3 c4 27.b3 Bf8 28.Rhc2 Be7 29.Nb2 cxb3
30.axb3 Rxc2 31.Rxc2 Rc8 32.Rxc8+ Nxc8 33.Nd3 Bd6 34.f4 exf4 35.gxf4 Kf8
36.e5 Bb8 37.Nb4  1-0